Príklady úspechu franchisingu na trhu v SR

Franchising na realitnom trhu. Najznámejši franchisingový reťazec - Mc Donald`s. Úspešný koncept Fornetti franchise. Franchisingový systém Naturhouse aj na slovenskom trhu. Podmienky vo franchisingovom reťazci. Franchising vhodný pre rodinné podnikanie. Na čo si dať pozor.

Salvato in:
Dettagli Bibliografici
Autore principale: Voštenáková, Zuzana
Natura: Capitolo di libro
Lingua:slovacco
Soggetti:
Tags: Aggiungi Tag
Nessun Tag, puoi essere il primo ad aggiungerne!!

MARC

LEADER 00000naa$a2200000$$$4500
001 0113479
005 20231103072134.2
041 0 |a slo 
044 |a SK 
245 1 0 |a Príklady úspechu franchisingu na trhu v SR  |c Zuzana Voštenáková 
520 |a Franchising na realitnom trhu. Najznámejši franchisingový reťazec - Mc Donald`s. Úspešný koncept Fornetti franchise. Franchisingový systém Naturhouse aj na slovenskom trhu. Podmienky vo franchisingovom reťazci. Franchising vhodný pre rodinné podnikanie. Na čo si dať pozor. 
610 2 0 |a franchising 
610 2 0 |a podnikanie 
610 2 0 |a partneri obchodní 
610 2 0 |a firmy 
610 2 0 |a financie 
610 2 0 |a licencie 
610 2 0 |a podnikanie rodinné 
610 2 0 |a nehnuteľnosti 
610 2 0 |a reštaurácie 
100 1 |a Voštenáková, Zuzana